Chimp Paradox : (Record no. 33002)
[ view plain ]
| 000 -LEADER | |
|---|---|
| fixed length control field | 00555nam a22001817a 4500 |
| 003 - CONTROL NUMBER IDENTIFIER | |
| control field | OSt |
| 005 - DATE AND TIME OF LATEST TRANSACTION | |
| control field | 20240912143129.0 |
| 008 - FIXED-LENGTH DATA ELEMENTS--GENERAL INFORMATION | |
| fixed length control field | 240912b |||||||| |||| 00| 0 eng d |
| 020 ## - INTERNATIONAL STANDARD BOOK NUMBER | |
| International Standard Book Number | 9781785040573 |
| 040 ## - CATALOGING SOURCE | |
| Original cataloging agency | MMU |
| Language of cataloging | eng |
| Transcribing agency | MMU |
| Modifying agency | MMU |
| 050 ## - LIBRARY OF CONGRESS CALL NUMBER | |
| Classification number | BF632 .P48 2012 |
| 100 ## - MAIN ENTRY--PERSONAL NAME | |
| Personal name | Peters Steve |
| 9 (RLIN) | 1685 |
| 245 ## - TITLE STATEMENT | |
| Title | Chimp Paradox : |
| Remainder of title | The Science of Mind Management for Success in Business and in Life/ |
| Statement of responsibility, etc. | Steve Peters |
| 260 ## - PUBLICATION, DISTRIBUTION, ETC. (IMPRINT) | |
| Place of publication, distribution, etc. | London : |
| Name of publisher, distributor, etc. | Vermilion, |
| Date of publication, distribution, etc. | 2012 |
| 300 ## - PHYSICAL DESCRIPTION | |
| Extent | xii, 356 pages : |
| Other physical details | illustrations ; |
| 500 ## - GENERAL NOTE | |
| General note | includes index |
| 942 ## - ADDED ENTRY ELEMENTS (KOHA) | |
| Source of classification or shelving scheme | Library of Congress Classification |
| Koha item type | L |
No items available.